000 00311nam a22001337a 4500
008 181022b xxu||||| |||| 00| 0 eng d
020 _a0891180524
041 _aeng
080 _a573
100 _a9
101 _aMJE
245 _aReclamation of Drastically Disturbed Lands
_cSchaller, F.W
942 _2udc
_cBK
999 _c50483
_d50483